வீரனாக்ககுவது எது? : மொழிபெயர்ப்புக் கவிதைகளின் தொகுப்பு /

Veeranakkuvathu ethu?...
Saved in:
Bibliographic Details
Format: Book
Language:Sinhalese
Published: திருகோணமலை : நீங்களும் எழுதலாம், 2024.
Tags: Add Tag
No Tags, Be the first to tag this record!

MARC

LEADER 00000nam a22000007a 4500
003 LK-CoNLD
005 20251205145615.0
008 251205b ||||| |||| 00| 0 sin d
017 |b LK-CoDNA 
020 |a 9786249347601 
040 |a LK-CoNLD  |b TAM  |c LK-CoNLD  |d LK-CoNLD 
245 |6 880-1  |a வீரனாக்ககுவது எது? :  |b மொழிபெயர்ப்புக் கவிதைகளின் தொகுப்பு /  |c  தொகு. எஸ். ஆர். தனபாலசிங்கம். 
260 |a திருகோணமலை :  |b நீங்களும் எழுதலாம்,  |c 2024. 
300 |a ப. xii, 85 ;  
880 |6 245-1  |a Veeranakkuvathu ethu?... 
942 |c BOOK 
945 |a 22  |b Logeshwary RAMASAMY  |c 22  |d Logeshwary RAMASAMY 
999 |c 294843  |d 294843